Library resources & technical services. (رقم التسجيلة. 110094)

تفاصيل مارك
000 -LEADER
fixed length control field 01778cas a2200469 4500
003 - EG-GICUS
control field OSt
005 - DATE AND TIME OF LATEST TRANSACTION
control field 20241229144421.0
008 - FIXED-LENGTH DATA ELEMENTS--GENERAL INFORMATION
fixed length control field 090514c19579999iluqr p 0 a0eng
022 0# - INTERNATIONAL STANDARD SERIAL NUMBER
International Standard Serial Number 0024-2527
Source 1
040 ## - CATALOGING SOURCE
Original cataloging agency DLC
Transcribing agency MnMULS
Modifying agency MBTI
-- CtY
-- DLC
-- NSDP
-- AIP
-- NST
-- OCU-M
-- InU
-- OCoLC
-- DLC
-- OCoLC
-- DNAL
-- OCoLC
-- MH
-- B2Q
-- MH-L
-- OCoLC
-- DIBAM
-- NLGGC
-- NYDWH
-- WaU
082 ## - DEWEY DECIMAL CLASSIFICATION NUMBER
Classification number 025.06273
092 #4 - LOCALLY ASSIGNED DEWEY CALL NUMBER (OCLC)
Classification number 025.0627305
Item number L6978
Edition number 21
099 ## - LOCAL FREE-TEXT CALL NUMBER (OCLC)
Classification number \4
-- 025.0627305 L6978
222 #0 - KEY TITLE
Key title Library resources & technical services.
245 00 - TITLE STATEMENT
Title Library resources & technical services.
246 3# - VARYING FORM OF TITLE
Title proper/short title LRTS
300 ## - PHYSICAL DESCRIPTION
Extent v.
Dimensions 24 cm.
310 ## - CURRENT PUBLICATION FREQUENCY
Current publication frequency
336 ## - CONTENT TYPE
Content type term text
Source rda content
337 ## - MEDIA TYPE
Media type term Unmediated
Source rdamedia
338 ## - CARRIER TYPE
Carrier type term volume
Source rdacarrier
362 0# - DATES OF PUBLICATION AND/OR SEQUENTIAL DESIGNATION
Dates of publication and/or sequential designation v. 1- winter 1957-
541 ## - IMMEDIATE SOURCE OF ACQUISITION NOTE
Source of acquisition Deposit
650 #0 - SUBJECT ADDED ENTRY--TOPICAL TERM
Topical term or geographic name entry element Library science
Form subdivision Periodicals.
650 #0 - SUBJECT ADDED ENTRY--TOPICAL TERM
Topical term or geographic name entry element Technical services (Libraries)
Form subdivision Periodicals.
650 #2 - SUBJECT ADDED ENTRY--TOPICAL TERM
Topical term or geographic name entry element Library Science
Form subdivision Periodicals.
650 #2 - SUBJECT ADDED ENTRY--TOPICAL TERM
Topical term or geographic name entry element Library Technical Services
Form subdivision Periodicals.
650 #6 - SUBJECT ADDED ENTRY--TOPICAL TERM
Topical term or geographic name entry element Bibliothâeconomie
Form subdivision Pâeriodiques.
650 #7 - SUBJECT ADDED ENTRY--TOPICAL TERM
Topical term or geographic name entry element BIBLIOTECOLOGIA
General subdivision PUBLICACIONES PERIODICAS.
Source of heading or term renib
650 #7 - SUBJECT ADDED ENTRY--TOPICAL TERM
Topical term or geographic name entry element LIBRARY COLLECTIONS
Source of heading or term unbist
650 #7 - SUBJECT ADDED ENTRY--TOPICAL TERM
Topical term or geographic name entry element TECHNICAL SERVICES (LIBRARIES)
Source of heading or term unbist
650 #7 - SUBJECT ADDED ENTRY--TOPICAL TERM
Topical term or geographic name entry element UNITED STATES
Source of heading or term unbist
650 17 - SUBJECT ADDED ENTRY--TOPICAL TERM
Topical term or geographic name entry element Documentaire informatie.
Source of heading or term gtt
710 2# - ADDED ENTRY--CORPORATE NAME
Corporate name or jurisdiction name as entry element American Library Association.
Subordinate unit Resources and Technical Services Division.
710 2# - ADDED ENTRY--CORPORATE NAME
Corporate name or jurisdiction name as entry element Association for Library Collections & Technical Services.
780 14 - PRECEDING ENTRY
Title Journal of cataloging and classification
Record control number (OCoLC)8941951
780 14 - PRECEDING ENTRY
Title Serial slants
International Standard Serial Number (NR) 0559-5258
Record control number (OCoLC)1641432
785 01 - SUCCEEDING ENTRY
Title New directions in technical services
International Standard Serial Number (NR 1091-9066
Record control number (R) (DLC) 97657814
-- (OCoLC)36037506
905 ## - LOCAL DATA ELEMENT E, LDE (RLIN)
Cataloger
Reviser
905 ## - LOCAL DATA ELEMENT E, LDE (RLIN)
Cataloger Hala
Reviser
942 ## - ADDED ENTRY ELEMENTS (KOHA)
Koha item type Continuing Resources
Suppress in OPAC No
999 ## -
-- 110094
-- 110094
المقتنيات
Full call number Home library Current library Source of classification or shelving scheme Koha item type Inventory number
025.0627305 L6978 المكتبة المركزبة الجديدة - جامعة القاهرة قاعة الصحف والدوريات - الدور الثالث Dewey Decimal Classification Continuing Resources 13238942
Cairo University Libraries Portal Implemented & Customized by: Eng. M. Mohamady Contacts: new-lib@cl.cu.edu.eg | cnul@cl.cu.edu.eg
CUCL logo CNUL logo
© All rights reserved — Cairo University Libraries
CUCL logo
Implemented & Customized by: Eng. M. Mohamady Contact: new-lib@cl.cu.edu.eg © All rights reserved — New Central Library
CNUL logo
Implemented & Customized by: Eng. M. Mohamady Contact: cnul@cl.cu.edu.eg © All rights reserved — Cairo National University Library